[Event "SRI-chB (Women)"]
[Site "Colombo"]
[Date "2014.03.01"]
[Round "7"]
[White "Batawala, N Navodya"]
[Black "Perera, N Hashini Himasha"]
[Result "1/2-1/2"]
[WhiteElo "1494"]
[BlackElo "1359"]
[PlyCount "50"]
[EventDate "2014.02.26"]
[EventType "swiss"]
[EventRounds "10"]
[EventCountry "SRI"]
[SourceTitle "CBM 159 Extra"]
[Source "ChessBase"]
[SourceDate "2014.04.24"]
[SourceVersion "1"]
[SourceVersionDate "2014.04.24"]
[SourceQuality "1"]

1. d4 d5 2. c4 e6 3. Nc3 c6 4. Nf3 Nf6 5. Bg5 Nbd7 6. a3 b6 7. e3 h6 8. Bf4 Be7 9. cxd5 exd5 10. Bd3 Bb7 11. Qc2 0-0 12. g4 c5 13. g5 Nh5 14. gxh6 Nxf4 15. Bh7+ Kh8 16. hxg7+ Kxg7 17. Rg1+ Kh8 18. exf4 Qc7 19. Qf5 Qd6 20. Qh5 Nf6 21. Qg5 Ne8 22. Qh5 Ng7 23. Qh3 Qe6+ 24. Qxe6 fxe6 25. Bc2 Rxf4 1/2-1/2